| 000 -LEADER |
| fixed length control field |
01303pam a2200313 i 4500 |
| 001 - CONTROL NUMBER |
| control field |
019242140 |
| 003 - CONTROL NUMBER IDENTIFIER |
| control field |
Uk |
| 005 - DATE AND TIME OF LATEST TRANSACTION |
| control field |
20260204113023.0 |
| 008 - FIXED-LENGTH DATA ELEMENTS--GENERAL INFORMATION |
| fixed length control field |
190204s2019 enkab 000|m|eng|d |
| 020 ## - INTERNATIONAL STANDARD BOOK NUMBER |
| Canceled/invalid ISBN |
9780008329679 |
| Qualifying information |
Bad blood |
| -- |
paperback |
| 040 ## - CATALOGING SOURCE |
| Original cataloging agency |
StDuBDS |
| Language of cataloging |
eng |
| Transcribing agency |
StDuBDS |
| Modifying agency |
Uk |
| -- |
KH8 |
| Description conventions |
rda |
| 041 1# - LANGUAGE CODE |
| Language code of text/sound track or separate title |
eng |
| Language code of original |
fre |
| 042 ## - AUTHENTICATION CODE |
| Authentication code |
ukblsr |
| 082 04 - DEWEY DECIMAL CLASSIFICATION NUMBER |
| Classification number |
828.914 SAG |
| Edition number |
23 |
| 100 ## - MAIN ENTRY--PERSONAL NAME |
| Personal name |
Sage, Lorna, |
| Relator term |
author. |
| 245 00 - TITLE STATEMENT |
| Title |
Bad Blood / |
| Statement of responsibility, etc. |
Lorna Sage. |
| 246 13 - VARYING FORM OF TITLE |
| Title proper/short title |
Matchbook classics |
| 264 #1 - PRODUCTION, PUBLICATION, DISTRIBUTION, MANUFACTURE, AND COPYRIGHT NOTICE |
| Place of production, publication, distribution, manufacture |
[London] : |
| Name of producer, publisher, distributor, manufacturer |
[4th Estate], |
| Date of production, publication, distribution, manufacture, or copyright notice |
[2019] |
| 300 ## - PHYSICAL DESCRIPTION |
| Extent |
10 volumes : |
| Other physical details |
illustrations (black and white), maps (black and white) ; |
| Dimensions |
20 cm |
| 336 ## - CONTENT TYPE |
| Content type term |
text |
| Source |
rdacontent |
| 336 ## - CONTENT TYPE |
| Content type term |
still image |
| Source |
rdacontent |
| 337 ## - MEDIA TYPE |
| Media type term |
unmediated |
| Source |
rdamedia |
| 338 ## - CARRIER TYPE |
| Carrier type term |
volume |
| Source |
rdacarrier |
| 500 ## - GENERAL NOTE |
| General note |
Formerly CIP. |
| Institution to which field applies |
Uk |
| 505 0# - FORMATTED CONTENTS NOTE |
| Formatted contents note |
Bad blood / Lorna Sage -- The blue flower / Penelope Fitzgerald -- The corrections / Jonathan Franzen -- The diving-bell and the butterfly / Jean-Dominique Bauby -- Empire of the sun / J.G. Ballard -- Half of a yellow sun / Chimamanda Ngozi Adichie -- A place of greater safety / Hilary Mantel -- The shipping news / Annie Proulx -- Stuart / Alexander Masters -- The things they carried / Tim O'Brien. |
| 650 ## - SUBJECT ADDED ENTRY--TOPICAL TERM |
| Topical term or geographic name entry element |
Childhood |
| Form subdivision |
memoir |
| 650 ## - SUBJECT ADDED ENTRY--TOPICAL TERM |
| Topical term or geographic name entry element |
Family |
| Form subdivision |
memoir |
| 942 ## - ADDED ENTRY ELEMENTS (KOHA) |
| Source of classification or shelving scheme |
|
| Koha item type |
Books - Non Ficton |